| 000 | 00686nam a22002057a 4500 | ||
|---|---|---|---|
| 999 |
_c14428 _d14428 |
||
| 003 | AR-CdUCM | ||
| 008 | 190423b ||||| |||| 00| 0 spa d | ||
| 020 | _a978-6076182024 | ||
| 040 |
_aMUNICIPALIDAD PROVINCIAL DEL CUSCO _cBIBLIOTECA MUNICIPAL DEL CUSCO |
||
| 041 | _heng | ||
| 082 |
_aPI / 376.1 / _bS55 |
||
| 110 |
_aSilver Dolphin _933031 |
||
| 245 |
_aAngry birds playground : _bcosas divertidas para armar y jugar / |
||
| 260 |
_aMéxico : _bRovio learning, _c2014. |
||
| 300 |
_a64 páginas ; _bIlustraciones, _c23 cm. |
||
| 650 |
_aCuentos infantiles _93927 |
||
| 700 |
_aCaballero Del Mora, Samantha (traducción) _933192 |
||
| 942 |
_2ddc _cLIBROS |
||
| 945 |
_aacv _d2019-04-23 |
||